Female Singers By Their Last Names - Statistics

General Stats
  • This quiz has been taken 155 times
  • The average score is 25 of 40
Answer Stats
Hint Answer % Correct
Dion Celine
90%
Eilish Billie
89%
Perry Katy
88%
Keys Alicia
87%
Winehouse Amy
87%
Grande Ariana
87%
Aguilera Christina
87%
Turner Tina
87%
Lovato Demi
85%
Stefani Gwen
84%
Clarkson Kelly
83%
Parton Dolly
81%
Lavigne Avril
80%
Trainor Meghan
80%
Carey Mariah
76%
Goulding Ellie
74%
Twain Shania
72%
Franklin Aretha
71%
Ora Rita
69%
Nicks Stevie
69%
Streisand Barbra
67%
Underwood Carrie
67%
Ross Diana
65%
Morissette Alanis
64%
Braxton Toni
64%
Lennox Annie
61%
Cabello Camila
61%
Crow Sheryl
54%
Rexha Bebe
53%
Rimes LeAnn
51%
Labelle Patti
50%
Hudson Jennifer
48%
Hill Faith
46%
Bareilles Sara
35%
Monae Janelle
34%
Larsson Zara
28%
Sande Emeli
20%
Ballerini Kelsea
17%
Faith Paloma
17%
Gray Macy
14%
No matching quizzes found
Score Distribution
Percent of People with Each Score
Percentile by Number Answered
Your Score History
You have not taken this quiz